000 00579nam a22001937a 4500
005 20160926173236.0
010 _aENG-116106
020 _a9788126819659
_c795.00
035 _aEN-99638
037 _bDBAD/PUB
082 _a880.8
245 _aMajor voice in new literatures in English /
_cedited by Bishun Kumar [and] Neha Arora
260 _aNew Delhi
_bAtlantic
_c2015
270 _a7/22,Ansari Road,Daryaganj
_bNew Delhi
_e110002
300 _axI,272p.
_c22cm(Hb)
700 _aBishun Kumar
700 _a Arora, Neha
942 _2ddc
_cEN
_h880.8
_mMAJ
999 _c103664
_d103664